Statistics for Animals, Birds, Fish & Insects on Crests of English Premier League Clubs 2018-19

Click here to take the quiz!

General Stats

  • This quiz has been taken 195 times
    (160 since last reset)
  • The average score is 8 of 13

Answer Stats

No.Animals, etc.CLUB% Correct
1Fox's HeadLeicester City
88%
1SeagullBrighton & Hove Albion
84%
1Wolf's HeadWolverhampton Wanderers
84%
22 Liver BirdsLiverpool
83%
1EagleCrystal Palace
77%
1CockerelTottenham Hotspur
70%
2Bluebird, DragonCardiff City
62%
1LionChelsea
54%
1Terrier DogHuddersfield Town
49%
32 Seahorses, LionNewcastle United
37%
1Red Deer's HeadWatford
35%
42 Bees, Lion, StorkBurnley
22%
1Golden EagleManchester City
19%

Score Distribution

Percentile by Number Answered

Percent of People with Each Score

Your Score History

You have not taken this quiz since the last reset